原神所有角色(5.4) - Statistics

General Stats
  • This quiz has been taken 1 266 times
    308 since last reset
  • The average score is 39 of 98
Answer Stats
元素 人物 % Correct
温迪
84%
雷电将军
81%
71%
钟离
71%
八重神子
65%
芙宁娜
64%
纳西妲
63%
枫原万叶
60%
迪卢克
58%
神里绫华
58%
57%
流浪者
57%
丽莎
57%
胡桃
57%
旅行者
56%
旅行者
56%
旅行者
56%
旅行者
56%
旅行者
56%
凯亚
56%
刻晴
55%
行秋
55%
安柏
55%
神里绫人
54%
芭芭拉
53%
那维莱特
53%
可莉
52%
香菱
52%
班尼特
50%
珊瑚宫心海
49%
砂糖
48%
甘雨
48%
达达利亚
45%
玛薇卡
45%
凝光
45%
提纳里
45%
莫娜
44%
赛诺
43%
七七
43%
鹿野院平藏
42%
荒泷一斗
42%
雷泽
41%
琳妮特
40%
闲云
40%
宵宫
40%
早柚
39%
九条裟罗
39%
夜兰
39%
申鹤
39%
阿蕾奇诺
38%
娜维娅
38%
艾尔海森
38%
诺艾尔
37%
阿贝多
37%
柯莱
36%
重云
36%
菲谢尔
35%
北斗
35%
林尼
35%
恰斯卡
33%
克洛琳德
33%
玛拉妮
33%
白术
33%
优菈
33%
五郎
32%
珐露珊
31%
久岐忍
31%
迪希雅
31%
卡维
31%
托马
30%
基尼奇
29%
迪奥娜
29%
莱欧斯利
29%
希诺宁
28%
欧洛伦
27%
蓝砚
26%
妮露
26%
辛焱
26%
瑶瑶
26%
茜特菈莉
26%
希格雯
25%
千织
24%
多莉
23%
云堇
23%
烟绯
22%
嘉明
22%
绮良良
22%
罗莎莉亚
22%
夏洛蒂
22%
赛索斯
21%
卡齐娜
21%
米卡
21%
菲米尼
20%
坎蒂丝
19%
夏沃蕾
17%
艾梅莉埃
17%
莱依拉
17%
埃洛伊
11%
No matching quizzes found
Score Distribution
Percent of People with Each Score
Percentile by Number Answered
Your Score History
You have not taken this quiz since the last reset